Countries with the Most National Parks - Statistics

General Stats
  • This quiz has been taken 360 times
  • The average score is 21 of 28
Answer Stats
Number
of Parks
Country % Correct
63 United States
100%
685 Australia
98%
75 Brazil
97%
47 Canada
97%
67 Mexico
96%
64 Russia
96%
116 India
95%
37 Argentina
93%
34 Japan
93%
41 Chile
89%
56 Indonesia
88%
60 Colombia
86%
47 Norway
81%
30 Sweden
81%
156 Thailand
81%
46 Venezuela
79%
40 Finland
77%
32 Vietnam
77%
43 Turkey
76%
29 Malaysia
75%
36 Philippines
68%
48 Ukraine
58%
29 Mongolia
51%
29 Dominican Republic
45%
29 Costa Rica
43%
49 Israel
25%
40 Bahamas
18%
28 Zambia
17%
No matching quizzes found
Score Distribution
Percent of People with Each Score
Percentile by Number Answered
Your Score History
You have not taken this quiz